[Event "Regionalliga Sued-Ost 1819"]
[Site "Bayern"]
[Date "2019.02.24"]
[Round "7.7"]
[White "Thome, Volker"]
[Black "Peter, Christian"]
[Result "1/2-1/2"]
[WhiteElo "1920"]
[BlackElo "1991"]
[PlyCount "42"]
[EventDate "2018.10.21"]
[EventType "team-tourn"]
[EventRounds "9"]
[EventCountry "GER"]
[SourceTitle "EXT 2022"]
[Source "ChessBase"]
[SourceDate "2021.10.06"]
[SourceVersion "1"]
[SourceVersionDate "2021.10.06"]
[SourceQuality "1"]
[WhiteTeam "Tegernsee TV"]
[BlackTeam "Ebersberg Grafing"]
[WhiteTeamCountry "GER"]
[BlackTeamCountry "GER"]

1. d4 d6 2. Nf3 g6 3. e4 Bg7 4. Nc3 Nf6 5. h3 c6 6. Be3 b5 7. Bd3 b4 8. Ne2 0-0 9. 0-0 a5 10. Qd2 Nbd7 11. a3 Rb8 12. axb4 axb4 13. Rfd1 c5 14. e5 Nd5 15. Bh6 N5b6 16. Bxg7 Kxg7 17. dxc5 dxc5 18. Qf4 e6 19. Ng3 Bb7 20. Nh2 Nd5 21. Qc4 Nxe5 1/2-1/2

[Event "Regionalliga Sued-Ost 1819"]
[Site "Bayern"]
[Date "2018.10.21"]
[Round "1.4"]
[White "Tunka, Philipp"]
[Black "Peter, Christian"]
[Result "0-1"]
[WhiteElo "1956"]
[BlackElo "1991"]
[PlyCount "204"]
[EventDate "2018.10.21"]
[EventType "team-tourn"]
[EventRounds "9"]
[EventCountry "GER"]
[SourceTitle "EXT 2022"]
[Source "ChessBase"]
[SourceDate "2021.10.06"]
[SourceVersion "1"]
[SourceVersionDate "2021.10.06"]
[SourceQuality "1"]
[WhiteTeam "Groebenzell II"]
[BlackTeam "Ebersberg Grafing"]
[WhiteTeamCountry "GER"]
[BlackTeamCountry "GER"]

1. d4 d6 2. e4 Nf6 3. Nc3 e5 4. dxe5 dxe5 5. Qxd8+ Kxd8 6. Bg5 Be6 7. 0-0-0+ Kc8 8. f3 Nbd7 9. Nge2 Bc5 10. Kb1 a6 11. Nc1 h6 12. Bd2 b5 13. Nd3 Bd4 14. Ne2 Bc5 15. Nxc5 Nxc5 16. Nc1 Nfd7 17. b3 f6 18. g3 Kb7 19. Bg2 Rad8 20. Be3 Kc8 21. a3 Rhe8 22. Na2 Nb7 23. Nb4 Nb8 24. Nd5 Nd6 25. Rd2 c6 26. Nc3 Nb7 27. Rhd1 Rxd2 28. Rxd2 Rd8 29. Rxd8+ Kxd8 30. b4 Kc7 31. a4 Nd7 32. f4 Nd6 33. axb5 axb5 34. f5 Bf7 35. g4 Nc4 36. Bc1 Kd8 37. h4 Ke7 38. g5 hxg5 39. hxg5 Nd6 40. Ne2 Ne8 41. Ng3 Nb6 42. Be3 Nd7 43. g6 Bc4 44. Bf3 Nd6 45. Nh5 Kf8 46. Kb2 Nb7 47. Ng3 Nd6 48. Nh1 Bg8 49. Kc3 Nb7 50. Be2 Nd6 51. Nf2 Nc4 52. Ba7 Ncb6 53. Bd3 Na4+ 54. Kd2 Nab6 55. Nd1 Ke7 56. Ne3 Nc8 57. c4 Nxa7 58. c5 Kf8 59. Kc3 Nb8 60. Bc2 Na6 61. Bb3 Bxb3 62. Kxb3 Nc8 63. Ng4 Ne7 64. Ne3 Ng8 65. Kc3 Nh6 66. Kb3 Ke7 67. Kc3 Nb8 68. Kd3 Nd7 69. Kc3 Kd8 70. Kd3 Kc7 71. Kc3 Kb7 72. Kb3 Ka6 73. Kc3 Kb7 74. Kd3 Nf8 75. Kc3 Kc8 76. Kd3 Kd7 77. Kc3 Ne6 78. fxe6+ Kxe6 79. Kd3 f5 80. exf5+ Nxf5 81. Nd1 Ne7 82. Ke4 Nd5 83. Nf2 Nf4 84. Ng4 Nxg6 85. Ne3 Nf4 86. Ng4 Nd5 87. Nxe5 Nxb4 88. Nf3 Kf6 89. Ne5 Ke6 90. Nf3 Na6 91. Nd4+ Kd7 92. Nb3 Nc7 93. Kf5 Ne6 94. Kg6 Nxc5 95. Nxc5+ Kd6 96. Nd3 c5 97. Kf5 c4 98. Nb4 Kc5 99. Na6+ Kd4 100. Nb4 c3 101. Kf4 Kc4 102. Na2 b4 0-1

[Event "Regionalliga SO 1415"]
[Site "Bayern"]
[Date "2015.02.22"]
[Round "7.6"]
[White "Steinheimer, Juergen"]
[Black "Peter, Christian"]
[Result "1/2-1/2"]
[WhiteElo "2035"]
[BlackElo "2003"]
[PlyCount "54"]
[EventDate "2014.10.19"]
[EventType "team-tourn"]
[EventRounds "9"]
[EventCountry "GER"]
[SourceTitle "EXT 2018"]
[Source "ChessBase"]
[SourceDate "2017.10.13"]
[SourceVersion "1"]
[SourceVersionDate "2017.10.13"]
[SourceQuality "1"]
[WhiteTeam "Graefelfing"]
[BlackTeam "Ebersberg Grafing"]
[WhiteTeamCountry "GER"]
[BlackTeamCountry "GER"]

1. e4 g6 2. Nc3 Bg7 3. f4 c6 4. Nf3 d5 5. e5 Bg4 6. d4 e6 7. Be2 Ne7 8. Be3 Nf5 9. Bf2 Nd7 10. 0-0 h5 11. h3 Bxf3 12. Bxf3 Rc8 13. Be2 Bh6 14. Qd2 c5 15. dxc5 Nxc5 16. Bb5+ Kf8 17. g4 hxg4 18. hxg4 Ne7 19. Kg2 a6 20. Bxc5 Rxc5 21. Bd3 Rc8 22. Qf2 Bg7 23. Ne2 Nc6 24. c3 Qh4 25. Qxh4 Rxh4 26. Kg3 Rh8 27. g5 Ke7 1/2-1/2

[Event "Regionalliga SO 9900"]
[Site "Bayern"]
[Date "2000.??.??"]
[Round "5.4"]
[White "Maurer, Jochen"]
[Black "Peter, Christian"]
[Result "1-0"]
[WhiteElo "2005"]
[BlackElo "2070"]
[PlyCount "43"]
[EventDate "1999.??.??"]
[EventType "team-tourn"]
[EventRounds "9"]
[EventCountry "GER"]
[SourceTitle "EXT 2020"]
[Source "ChessBase"]
[SourceDate "2019.10.17"]
[SourceVersion "1"]
[SourceVersionDate "2019.10.17"]
[SourceQuality "1"]
[WhiteTeam "Pang/Rosenheim II"]
[BlackTeam "Ebersberg Grafing"]
[WhiteTeamCountry "GER"]
[BlackTeamCountry "GER"]

1. e4 d6 2. d4 Nf6 3. Nc3 g6 4. Bc4 Bg7 5. Qe2 c6 6. e5 dxe5 7. dxe5 Nd5 8. Bd2 0-0 9. 0-0-0 Be6 10. f4 Nxc3 11. Bxc3 Qc8 12. Nf3 a5 13. Bxe6 Qxe6 14. Kb1 b5 15. Nd4 Qc8 16. e6 f5 17. g4 b4 18. Nxf5 gxf5 19. Bxg7 Kxg7 20. Rhg1 Na6 21. Qe5+ Kh6 22. Rd3 1-0

[Event "Regionalliga SO 9900"]
[Site "Bayern"]
[Date "2000.??.??"]
[Round "9.4"]
[White "Peter, Christian"]
[Black "Schmaus, Horst"]
[Result "1-0"]
[WhiteElo "2070"]
[BlackElo "1904"]
[PlyCount "106"]
[EventDate "1999.??.??"]
[EventType "team-tourn"]
[EventRounds "9"]
[EventCountry "GER"]
[SourceTitle "EXT 2020"]
[Source "ChessBase"]
[SourceDate "2019.10.17"]
[SourceVersion "1"]
[SourceVersionDate "2019.10.17"]
[SourceQuality "1"]
[WhiteTeam "Ebersberg Grafing"]
[BlackTeam "Landshut"]
[WhiteTeamCountry "GER"]
[BlackTeamCountry "GER"]

1. d4 Nf6 2. Nf3 g6 3. Bg5 Bg7 4. Nbd2 d5 5. e3 Nbd7 6. Bd3 0-0 7. 0-0 c5 8. c3 b6 9. b4 Bb7 10. bxc5 bxc5 11. Rb1 Bc6 12. Bb5 Bxb5 13. Rxb5 Ne4 14. Nxe4 dxe4 15. Nd2 h6 16. Bh4 cxd4 17. cxd4 g5 18. Bg3 f5 19. h3 Nb6 20. Qb3+ Kh8 21. Be5 Qd7 22. Bxg7+ Kxg7 23. a4 Qc6 24. Qa3 Rf7 25. Rc1 Qd7 26. Rcc5 e6 27. a5 Nd5 28. Nc4 Raf8 29. Ne5 Qe7 30. a6 f4 31. Rb7 Qf6 32. Rxf7+ Rxf7 33. Nxf7 Kxf7 34. Rb5 g4 35. Rb7+ Kg6 36. hxg4 fxe3 37. fxe3 Qh4 38. Qc1 Qxg4 39. Rxa7 Qe2 40. Ra8 Nxe3 41. Rg8+ Kf7 42. Rg3 Nf5 43. a7 Nxg3 44. a8Q Nf5 45. Qb7+ Kf6 46. Qbc7 e3 47. Qe5+ Kg5 48. Qf1 Qg4 49. Qxe6 e2 50. Qexe2 Qxd4+ 51. Qef2 Qg4 52. Qc1+ Kh5 53. Qf3 Kh4 1-0

[Event "Regionalliga SO 9899"]
[Site "Bayern"]
[Date "1999.??.??"]
[Round "8.4"]
[White "Peter, Christian"]
[Black "Bielmeier, Ludwig"]
[Result "1-0"]
[WhiteElo "2055"]
[BlackElo "2140"]
[PlyCount "25"]
[EventDate "1998.??.??"]
[EventType "team-tourn"]
[EventRounds "9"]
[EventCountry "GER"]
[SourceTitle "EXT 2020"]
[Source "ChessBase"]
[SourceDate "2019.10.17"]
[SourceVersion "1"]
[SourceVersionDate "2019.10.17"]
[SourceQuality "1"]
[WhiteTeam "Ebersberg Grafing"]
[BlackTeam "Deggendorf"]
[WhiteTeamCountry "GER"]
[BlackTeamCountry "GER"]

1. d4 Nf6 2. Nf3 c5 3. e3 e6 4. Bd3 g6 5. c3 b6 6. 0-0 Bg7 7. e4 Bb7 8. e5 Ne4 9. Re1 d5 10. Bxe4 dxe4 11. Ng5 h6 12. Nxe4 Bxe5 13. dxe5 1-0

[Event "Regionalliga SO 9899"]
[Site "Bayern"]
[Date "1998.??.??"]
[Round "2.4"]
[White "Hackbarth, Christa"]
[Black "Peter, Christian"]
[Result "1/2-1/2"]
[WhiteElo "1800"]
[BlackElo "2055"]
[PlyCount "35"]
[EventDate "1998.??.??"]
[EventType "team-tourn"]
[EventRounds "9"]
[EventCountry "GER"]
[SourceTitle "EXT 2020"]
[Source "ChessBase"]
[SourceDate "2019.10.17"]
[SourceVersion "1"]
[SourceVersionDate "2019.10.17"]
[SourceQuality "1"]
[WhiteTeam "Simbach"]
[BlackTeam "Ebersberg Grafing"]
[WhiteTeamCountry "GER"]
[BlackTeamCountry "GER"]

1. d4 Nf6 2. Nf3 g6 3. Bf4 Bg7 4. e3 0-0 5. Be2 d6 6. h3 c5 7. c3 Qb6 8. Qb3 Qxb3 9. axb3 Nc6 10. 0-0 Ne4 11. Na3 Be6 12. Bc4 Bxc4 13. Nxc4 d5 14. Na5 Nd8 15. Bc7 Ne6 16. Be5 f6 17. Bh2 Nd8 18. Bc7 1/2-1/2

[Event "Regensburg op"]
[Site "Regensburg"]
[Date "1998.??.??"]
[Round "7"]
[White "Peter, Christian"]
[Black "Gerer, Josef"]
[Result "0-1"]
[WhiteElo "2200"]
[BlackElo "2200"]
[PlyCount "52"]
[EventDate "1998.??.??"]
[EventType "swiss"]
[EventRounds "7"]
[EventCountry "GER"]
[SourceTitle "EXT 2000"]
[Source "ChessBase"]
[SourceDate "1999.11.16"]
[SourceVersion "1"]
[SourceVersionDate "1999.11.16"]
[SourceQuality "1"]

1. d4 d6 2. Nf3 g6 3. c3 Bg7 4. Bg5 h6 5. Bh4 Nf6 6. e3 0-0 7. Bc4 b6 8. 0-0 Ba6 9. Bxa6 Nxa6 10. Qa4 Qc8 11. Nbd2 Qb7 12. h3 c5 13. Rfe1 Rac8 14. Rac1 Rc7 15. Bg3 Rfc8 16. Qb5 Nb8 17. Qe2 Nbd7 18. Qf1 b5 19. b3 cxd4 20. cxd4 b4 21. Rxc7 Qxc7 22. Qb5 Qb6 23. Qd3 Nd5 24. Ra1 Qc6 25. a3 bxa3 26. Rxa3 Qc1+ 0-1

[Event "Regensburg op"]
[Site "Regensburg"]
[Date "1998.??.??"]
[Round "4"]
[White "Rosenberger, Frank"]
[Black "Peter, Christian"]
[Result "1-0"]
[WhiteElo "2240"]
[BlackElo "2200"]
[PlyCount "79"]
[EventDate "1998.??.??"]
[EventType "swiss"]
[EventRounds "7"]
[EventCountry "GER"]
[SourceTitle "EXT 2000"]
[Source "ChessBase"]
[SourceDate "1999.11.16"]
[SourceVersion "1"]
[SourceVersionDate "1999.11.16"]
[SourceQuality "1"]

1. e4 c6 2. d4 d5 3. e5 Bf5 4. Nc3 e6 5. g4 Bg6 6. Nge2 h6 7. h4 Bb4 8. a3 Be4 9. Rh3 Bxc3+ 10. Nxc3 Bh7 11. Be3 Nd7 12. h5 Qb6 13. Bd3 Bxd3 14. Qxd3 0-0-0 15. b4 Ne7 16. Ke2 f6 17. f4 f5 18. g5 Rdg8 19. g6 Kb8 20. Na4 Qc7 21. Nc5 Nxc5 22. bxc5 Ka8 23. Bd2 Rb8 24. Bb4 Nc8 25. Qd2 a6 26. Ba5 Qe7 27. Rb1 Re8 28. Qe1 Rg8 29. Rhb3 Re8 30. Kf3 Rg8 31. Kg3 Re8 32. Kh3 Rg8 33. Bb6 Nxb6 34. Rxb6 Qd7 35. Qa5 Rge8 36. Rxa6+ bxa6 37. Qxa6+ Qa7 38. Qxc6+ Rb7 39. Qxe8+ Rb8 40. Qxb8+ 1-0

[Event "Regionalliga SO 9697"]
[Site "Bayern"]
[Date "1997.03.02"]
[Round "7"]
[White "Peter, Christian"]
[Black "Lipok, Erik"]
[Result "1-0"]
[WhiteElo "2080"]
[BlackElo "2025"]
[PlyCount "72"]
[EventDate "1996.10.13"]
[EventType "team-tourn"]
[EventRounds "9"]
[EventCountry "GER"]
[SourceTitle "EXT 1999"]
[Source "ChessBase"]
[SourceDate "1998.11.16"]
[SourceVersion "1"]
[SourceVersionDate "1998.11.16"]
[SourceQuality "1"]
[WhiteTeam "Ebersberg Grafing"]
[BlackTeam "Waldkirchen TSV"]
[WhiteTeamCountry "GER"]
[BlackTeamCountry "GER"]

1. d4 f5 2. Nf3 Nf6 3. g3 e6 4. Bg2 d5 5. 0-0 Bd6 6. b3 Qe7 7. c4 c6 8. Bb2 0-0 9. Nbd2 Ne4 10. Ne5 Nxd2 11. Qxd2 Nd7 12. Nd3 Nf6 13. Rac1 Bd7 14. f3 Be8 15. Qe1 Bg6 16. Ne5 Nd7 17. Nxg6 hxg6 18. e4 dxc4 19. bxc4 e5 20. d5 f4 21. Bh3 Bc5+ 22. Kh1 Nb6 23. Be6+ Kh7 24. Bxe5 Be3 25. Rc2 g5 26. gxf4 gxf4 27. c5 Na4 28. Bd6 Qf6 29. Bxf8 Rxf8 30. Qb4 cxd5 31. exd5 b5 32. c6 Nb6 33. c7 Nc8 34. Bxc8 Rxc8 35. d6 a5 36. Qe4+ Kh8 1-0

[Event "Regionalliga SO 9798"]
[Site "Bayern"]
[Date "1997.??.??"]
[Round "?.4"]
[White "Gschwendtner, Stanislav"]
[Black "Peter, Christian"]
[Result "1-0"]
[WhiteElo "2045"]
[BlackElo "2050"]
[PlyCount "63"]
[EventDate "1997.10.19"]
[EventType "team-tourn"]
[EventRounds "9"]
[EventCountry "GER"]
[SourceTitle "EXT 2020"]
[Source "ChessBase"]
[SourceDate "2019.10.17"]
[SourceVersion "1"]
[SourceVersionDate "2019.10.17"]
[SourceQuality "1"]
[WhiteTeam "Deggendorf"]
[BlackTeam "Ebersberg Grafing"]
[WhiteTeamCountry "GER"]
[BlackTeamCountry "GER"]

1. c4 Nf6 2. Nc3 g6 3. g3 Bg7 4. Bg2 0-0 5. e4 d6 6. Nge2 c5 7. d3 Nc6 8. 0-0 Nd4 9. Rb1 Bg4 10. f3 Nxe2+ 11. Nxe2 Bd7 12. b4 b6 13. b5 e5 14. f4 Bg4 15. f5 Nd7 16. h3 Bxe2 17. Qxe2 g5 18. f6 Bxf6 19. h4 gxh4 20. Bh3 Bg7 21. Bf5 Nf6 22. Bg5 h6 23. Bxh4 Qc7 24. Rb2 a6 25. bxa6 Rxa6 26. Bxf6 Bxf6 27. Bc8 Qxc8 28. Rxf6 Kg7 29. Qf3 Qd8 30. Rf2 Ra7 31. Qg4+ Kh7 32. Rxh6+ 1-0